书目信息 |
| 题名: |
PKPM结构设计应用
|
|
| 作者: | 张宇鑫 , 刘海成 , 张星源 编著 | |
| 分册: | ||
| 出版信息: | 上海 同济大学出版社 2006.09 |
|
| 页数: | 410页 | |
| 开本: | 23cm | |
| 丛书名: | ||
| 单 册: | ||
| 中图分类: | TU311.41 | |
| 科图分类: | ||
| 主题词: | 建筑结构--jian zhu jie gou--计算机辅助教材--应用软件--高等学校--教材 | |
| 电子资源: | ||
| ISBN: | 7-5608-3372-1 | |
| 000 | 01080nam0 2200277 450 | |
| 001 | 012006610703 | |
| 005 | 20070611161915.73 | |
| 010 | @a7-5608-3372-1@dCNY47.00 (含光盘) | |
| 100 | @a20061210d2006 km y0chiy0120 ea | |
| 101 | 0 | @achi |
| 102 | @aCN@b310000 | |
| 105 | @aa a 000yy | |
| 200 | 1 | @aPKPM结构设计应用@APKPM jie gou she ji ying yong@f张宇鑫, 刘海成, 张星源编著@Fzhang yu xin,liu hai cheng,zhang xing yuan bian zhu |
| 210 | @a上海@c同济大学出版社@d2006.09 | |
| 215 | @a410页@c图@d23cm@e光盘1片 | |
| 300 | @a百校土木工程专业通用教材 | |
| 307 | @a光盘 ISBN : 7-900609-84-9 | |
| 320 | @a有书目 (第400-410页)。 | |
| 330 | @a本书结合现行建筑结构规范,介绍了当今应用最广的PKPMCAD系列设计软件的使用,内容包括平面建模和砌体结构辅助设计软件PMCAD、平面框排架结构等。 | |
| 606 | 0 | @a建筑结构@Ajian zhu jie gou@x计算机辅助教材@x应用软件@x高等学校@j教材 |
| 690 | @aTU311.41@v4 | |
| 701 | 0 | @a张宇鑫@Azhang yu xin@4编著 |
| 701 | 0 | @a刘海成@Aliu hai cheng@4编著 |
| 701 | 0 | @a张星源@Azhang xing yuan@4编著 |
| 801 | 0 | @aCN@c20070611 |
| 905 | @a10447@dTU311.41@eZ237 | |
| PKPM结构设计应用/张宇鑫, 刘海成, 张星源编著.-上海:同济大学出版社,2006.09 |
| 410页:图;23cm+光盘1片 |
| 百校土木工程专业通用教材 |
| ISBN 7-5608-3372-1:CNY47.00 (含光盘) |
| 本书结合现行建筑结构规范,介绍了当今应用最广的PKPMCAD系列设计软件的使用,内容包括平面建模和砌体结构辅助设计软件PMCAD、平面框排架结构等。 |
| ● |
| 相关链接 |
|
|
|
正题名:PKPM结构设计应用
索取号:TU311.41/Z237
 
预约/预借
| 序号 | 登录号 | 条形码 | 馆藏地/架位号 | 状态 | 备注 |
| 1 | 231002 | 202310025 | 建筑库101/101建筑库 79排2列1层/ [索取号:TU311.41/Z237] | 在馆 | |
| 2 | 231003 | 202310034 | 建筑库101/101建筑库 79排2列1层/ [索取号:TU311.41/Z237] | 在馆 | |
| 3 | 231004 | 202310043 | 建筑库101/101建筑库 79排2列1层/ [索取号:TU311.41/Z237] | 在馆 |